|
|
|
|
| LEADER |
00000nas a2200000 i 4500 |
| 001 |
ssj0001071833 |
| 003 |
WaSeSS |
| 005 |
20200512172242.0 |
| 006 |
m d |
| 007 |
cr n |
| 008 |
100712c19729999fr ar s s i0 0eng c |
| 010 |
|
|
|a 2015233007
|
| 022 |
|
|
|a 2074-7721
|l 2074-7721
|y 2074-773X
|
| 035 |
|
|
|a (WaSeSS)ssj0001071833
|
| 040 |
|
|
|a OCLCE
|b eng
|e pn
|c OCLCE
|d OCLCQ
|d OCLCF
|d GUA
|d OUN
|d EYM
|d LGG
|d TULIB
|d CUD
|d BEDGE
|d OCLCQ
|d UAB
|d OCLCQ
|d WaSeSS
|
| 042 |
|
|
|a pcc
|a dlr
|
| 043 |
|
|
|a d------
|
| 050 |
|
4 |
|a HC60
|b .O688
|
| 070 |
1 |
|
|a HC60
|b .D42
|
| 082 |
0 |
4 |
|a 338.91/172/4
|
| 245 |
0 |
0 |
|a Development co-operation
|h [electronic resource] :
|b efforts and policies of the members of the Development Assistance Committee.
|
| 246 |
1 |
2 |
|a Twenty-five years of development co-operation, a review
|f 1985
|
| 246 |
1 |
2 |
|a Development co-operation in the 1990s
|f 1989
|
| 246 |
3 |
|
|a Development co-operation, efforts and policies of the members of the Development Assistance Committee
|
| 246 |
3 |
|
|a Development cooperation
|
| 246 |
1 |
7 |
|a Development co-operation report
|f 1999-
|
| 260 |
|
|
|a Paris :
|b Organisation for Economic Co-operation and Development
|
| 310 |
|
|
|a Annual
|
| 362 |
1 |
|
|a Print began in 1972.
|
| 490 |
1 |
|
|a 1999- : International development
|
| 500 |
|
|
|a Some issues have also a distinctive title.
|
| 506 |
|
|
|a License restrictions may limit access.
|
| 538 |
|
|
|a Master and use copy. Digital master created according to Benchmark for Faithful Digital Reproductions of Monographs and Serials, Version 1. Digital Library Federation, December 2002.
|u http://purl.oclc.org/DLF/benchrepro0212
|5 MiAaHDL
|
| 580 |
|
|
|a Also published in French: Coopération pour le développement.
|
| 580 |
|
|
|a Beginning with the 1999 report, issued as no. 1 of each v. of the quarterly: DAC journal (Organisation for Economic Co-operation and Development. Development Assistance Committee).
|
| 583 |
1 |
|
|a digitized
|c 2010
|h HathiTrust Digital Library
|l committed to preserve
|2 pda
|5 MiAaHDL
|
| 588 |
|
|
|a Description based on: 1997; title from PDF title page (publisher's Web site, viewed February 9, 2015).
|
| 588 |
|
|
|a Latest issue consulted: 2014 (publisher's Web site, viewed February 9, 2015).
|
| 650 |
|
0 |
|a Economic assistance
|z Developing countries
|v Periodicals.
|
| 650 |
|
0 |
|a Technical assistance
|z Developing countries
|v Periodicals.
|
| 650 |
|
7 |
|a OCDE CAD = Comité d'aide au développement.
|2 eclas
|
| 650 |
|
7 |
|a Annuaires.
|2 eclas
|
| 650 |
|
7 |
|a Aide au développement.
|2 eclas
|
| 650 |
|
7 |
|a Données statistiques.
|2 eclas
|
| 650 |
|
7 |
|a Economic assistance.
|2 fast
|0 (OCoLC)fst00901592
|
| 650 |
|
7 |
|a Technical assistance.
|2 fast
|0 (OCoLC)fst01144732
|
| 650 |
1 |
7 |
|a Ontwikkelingssamenwerking.
|2 gtt
|
| 651 |
|
0 |
|a Developing countries
|v Periodicals.
|
| 651 |
|
7 |
|a Developing countries.
|2 fast
|0 (OCoLC)fst01242969
|
| 655 |
|
0 |
|a Electronic journals.
|
| 710 |
2 |
|
|a Organisation for Economic Co-operation and Development.
|b Development Assistance Committee.
|
| 775 |
0 |
|
|a Organisation for Economic Co-operation and Development. Development Assistance Committee.
|t Coopération pour le développement
|
| 776 |
0 |
8 |
|i Print version:
|t Development co-operation: efforts and policies of the members of the Development Assistance Committee.
|w (DLC) 73642327
|w (OCoLC)1785851
|
| 780 |
0 |
0 |
|a Organisation for Economic Co-operation and Development. Development Assistance Committee.
|t Development assistance efforts and policies in ... of the members of the Development Assistance Committee
|w (OCoLC)647056409
|
| 787 |
1 |
|
|t DAC journal (Organisation for Economic Co-operation and Development. Development Assistance Committee)
|w (OCoLC)48499205
|
| 830 |
|
0 |
|a International development (Organisation for Economic Co-operation and Development)
|
| 853 |
2 |
0 |
|8 1
|a (year)
|w a
|
| 856 |
4 |
0 |
|z Full text available from Research Library: 01/01/2012 to 6 months ago
|u https://search.proquest.com/publication/2026429
|
| 863 |
4 |
1 |
|8 1
|a 1972
|